Internal-combustion engines (Record no. 20584)

000 -LEADER
fixed length control field 00522nam a22001931 4500
001 - CONTROL NUMBER
control field 20584
003 - CONTROL NUMBER IDENTIFIER
control field BD-DhUET
008 - FIXED-LENGTH DATA ELEMENTS--GENERAL INFORMATION
fixed length control field 750306s1945 nyua b 000 0 eng
040 ## - CATALOGING SOURCE
Original cataloging agency DLC
Transcribing agency DLC
Modifying agency BD-DhUET
082 ## - DEWEY DECIMAL CLASSIFICATION NUMBER
Classification number 621.43
Item number MAL/1945
100 ## - MAIN ENTRY--PERSONAL NAME
Personal name Maleev, V. L.
245 10 - TITLE STATEMENT
Title Internal-combustion engines
Remainder of title theory and design
250 ## - EDITION STATEMENT
Edition statement 2nd ed.
260 ## - PUBLICATION, DISTRIBUTION, ETC. (IMPRINT)
Place of publication, distribution, etc. London
Name of publisher, distributor, etc. McGraw-Hill
Date of publication, distribution, etc. 1945
300 ## - PHYSICAL DESCRIPTION
Extent xii, 636 p.
Other physical details ill.
Dimensions 22 cm.
504 ## - BIBLIOGRAPHY, ETC. NOTE
Bibliography, etc Includes bibliographies
650 #0 - SUBJECT ADDED ENTRY--TOPICAL TERM
Topical term or geographic name as entry element Internal combustion engines
942 ## - ADDED ENTRY ELEMENTS (KOHA)
Koha item type General Book
Holdings
Damaged status Copy number Piece designation (barcode) Shelving location Koha date last seen Koha normalized classification for sorting Withdrawn status Sublocation or collection (holding branch) Price effective from Lost status Source of classification or shelving scheme Location (home branch) Date acquired Koha full call number Not for loan Koha item type
 120397Circulation section2015-04-12621_430000000000000_MAL_1945 Central Library, BUET2015-04-12  Central Library, BUET2015-04-12621.43/MAL/1945 General Book
 26558Circulation section2015-04-13621_430000000000000_MAL_1945 Central Library, BUET2015-04-13  Central Library, BUET2015-04-13621.43/MAL/1945 General Book
 31951aCirculation section2015-04-13621_430000000000000_MAL_1945 Central Library, BUET2015-04-13  Central Library, BUET2015-04-13621.43/MAL/1945 General Book
 411309Circulation section2015-04-18621_430000000000000_MAL_1945 Central Library, BUET2015-04-18  Central Library, BUET2015-04-18621.43/MAL/1945 General Book
 543348Reading section2015-06-16621_430000000000000_MAL_1945 Central Library, BUET2015-06-16  Central Library, BUET2015-06-16621.43/MAL/1945 Reading Item
 616327Reading section2015-06-30621_430000000000000_MAL_1945 Central Library, BUET2015-06-30  Central Library, BUET2015-06-30621.43/MAL/1945 Reading Item
 743347Reading section2015-07-02621_430000000000000_MAL_1945 Central Library, BUET2015-07-02  Central Library, BUET2015-07-02621.43/MAL/1945 Reading Item